| 000 | 00583nam a2200229 a 4500 | ||
|---|---|---|---|
| 999 |
_c4653 _d4653 |
||
| 001 | 4653 | ||
| 003 | BD-JhCC | ||
| 005 | 20171129201212.0 | ||
| 008 | 171129s19401955enka|||| ||a| 001 0 eng d | ||
| 035 | _a(BD-JhCC)4653 | ||
| 040 |
_aBD-JhCC _dBD-JhCC |
||
| 041 | _aeng | ||
| 082 |
_a500 _bDAN 1940 |
||
| 100 | _aDaniel, F. | ||
| 245 |
_aGeneral Science : _bfor Tropical Schools Book II / _cF. Daniel |
||
| 250 | _a2nd ed. | ||
| 260 |
_aLondon : _bOxford University Press, _c1940. |
||
| 300 |
_a209 p. : _c19 cm. _billu; |
||
| 650 | _aScience | ||
| 942 |
_2ddc _cBK |
||